THE HACK 2.0/ (Record no. 206186)

MARC details
000 -LEADER
fixed length control field 00555nam a22001937a 4500
005 - DATE AND TIME OF LATEST TRANSACTION
control field 20241009110315.0
010 ## - LCCN (DPL NO)
LC control number ENG-141985
020 ## - INTERNATIONAL STANDARD BOOK NUMBER
Terms of availability 640.00
International Standard Book Number 9788194433811
035 ## - SYSTEM CONTROL NUMBER
System control number EN-125517
037 ## - SOURCE OF ACQUISITION
Source of stock number/acquisition DBAD
082 ## - DEWEY DECIMAL CLASSIFICATION NUMBER
Classification number 005.8
100 ## - MAIN ENTRY--PERSONAL NAME
Personal name Badve,sourabh
245 ## - TITLE STATEMENT
Title THE HACK 2.0/
Statement of responsibility, etc Sourabh badve
250 ## - EDITION STATEMENT
Edition statement First
260 ## - PUBLICATION, DISTRIBUTION, ETC. (IMPRINT)
Place of publication, distribution, etc Delhi/NCR
Name of publisher, distributor, etc Orangebooks publication
Date of publication, distribution, etc 2019
270 ## - ADDRESS
Address Vishwavidyalaya Marg, Civil Lines
City Delhi/NCR
Postal code 110054
300 ## - PHYSICAL DESCRIPTION
Extent 204 P.
Dimensions 29cm(Paper bag)
942 ## - ADDED ENTRY ELEMENTS (KOHA)
Source of classification or shelving scheme Dewey Decimal Classification
Item type English Books
Classification part 005.8
Call number suffix BAD
Holdings
Withdrawn status Lost status Not for loan Collection code Home library Current library Date acquired Source of acquisition Cost, normal purchase price Full call number Barcode Copy number Cost, replacement price Koha item type
      Non-fiction Bawana Bawana 09/10/2024 DBAD 640.00 005.8 BAD EN-125517 1 640.00 English Books

© Delhi Public Library
Hit Counter
free hit counter